Smells Like Teen Spirit lyrics - Statistics

General Stats
  • This quiz has been taken 1,518 times
  • The average score is 128 of 194
Answer Stats
Answer % Correct
a
98%
A
98%
I
96%
An
91%
no
88%
we
88%
and
87%
And
87%
are
85%
it
83%
Here
82%
now
82%
the
82%
us
82%
entertain
80%
stupid
78%
Hello
77%
hello
77%
It's
77%
it's
77%
to
73%
your
73%
lights
71%
contagious
69%
out
69%
feel
68%
on
68%
dangerous
67%
how
67%
Bring
66%
friends
66%
mosquito
66%
up
66%
guns
63%
low
63%
albino
62%
less
61%
Load
61%
My
61%
pretend
60%
With
59%
libido
58%
know
56%
yeah
55%
dirty
54%
Oh
53%
self
53%
word
53%
fun
52%
over
50%
assured
49%
lose
49%
She's
49%
what
47%
for
40%
mulatto
40%
do
38%
bored
36%
never
36%
me
35%
I'm
34%
mind
34%
well
32%
will
32%
end
31%
hard
31%
always
29%
been
29%
Our
29%
this
29%
whatever
29%
until
28%
find
26%
has
26%
just
26%
little
26%
group
25%
best
24%
denial
24%
forget
24%
at
23%
makes
22%
smile
22%
blessed
21%
why
21%
found
20%
gift
20%
guess
20%
worse
19%
taste
15%
No matching quizzes found
Score Distribution
Percent of People with Each Score
Percentile by Number Answered
Your Score History
You have not taken this quiz